00599nam a2200193Ia 4500003000900000008004100009040001600050080001200066100002100078245010800099250001100207260003000218300001000248650001800258650002200276942000700298999001300305952008700318IN-BaIIA211028s9999 xx 000 0 eng d cIIA Library a52bSOM aSomerville, Mary 0aOn the connexion of the physical sciencescMary Somerville  a2nd ed aLondonbJohn Murrayc1834 a493p. aAstronomy980 aAstrophysics9794 cBK c820d820 00104070aBANbBANcGENd0000-00-00l0o52/ SOMp846r2021-11-05w0000-00-00yBK